000 01604cam a2200265 4500500
005 20251228060119.0
041 _afre
042 _adc
100 1 0 _aBensidoun, Bernard
_eauthor
245 0 0 _aSigmund, Josef, Wilhelm, et les autres...
260 _c2006.
500 _a91
520 _aRésumé L’article explore, à travers les premières amitiés de S. Freud, le rôle de celles-ci dans la genèse de la théorie psychanalytique. Il montre comment l’importance du regard amical permet à la créativité scientifique de se déployer, mais aussi souligne le rôle d’un regard tiers dans une clinique partagée, qui permet à S. Freud de se dégager de théories conçues dans la dualité et la toute-puissance.
520 _aThroughout S. Freud’s first friendly relationships, this article examines what place such relationships took in the genesis of the psychoanalytic theory. It demonstrates how the importance of the friendly expression of a person enables the scientific creativity to blossom but it also emphasizes the part played by the other’s eyes in a shared clinic, which enables S. Freud to free himself from theories built up in a dual and almighty disposition.
690 _aamitié
690 _adécouverte
690 _apsychanalyse
690 _atiercéité
690 _adiscovery
690 _afriendship
690 _apsychoanalysis
690 _athird party
786 0 _nEnfances & Psy | 31 | 2 | 2006-04-20 | p. 119-124 | 1286-5559
856 4 1 _uhttps://shs.cairn.info/revue-enfances-et-psy-2006-2-page-119?lang=fr&redirect-ssocas=7080
999 _c1587021
_d1587021